|
|
|
|
| LEADER |
00000nab a2200000ua 4500 |
| 001 |
vtls010804006 |
| 003 |
SK-MaSNL |
| 005 |
20260303135201.0 |
| 008 |
230218s1972 xo |||||||||||||||||cze| |
| 035 |
|
|
|a (urnnbn)urn:nbn:sk:snk:ar-002p95
|
| 035 |
|
|
|a (uuid)25a1c120-71c7-41a1-ace0-80082f34fcd4
|
| 035 |
|
|
|a urn:nbn:sk:snk-ab414n
|
| 040 |
|
|
|a SNKBUCL
|b slo
|c SNKBUCL
|e AACR2
|
| 041 |
0 |
|
|a cze
|
| 044 |
|
|
|a xo
|c SK
|
| 100 |
1 |
|
|a Gemperle, A.
|4 aut
|9 953525
|
| 245 |
1 |
0 |
|a MĚŘENÍ ENERGIE VRSTEVNÉ CHYBY AUSTENITICKÉ OCELI CrMnNiN METODOU ROZŠÍŘENÝCH UZLŮ
|c A. Gemperle, I. Kašová, V. Číhal
|
| 700 |
1 |
|
|a Kašová, I.
|4 aut
|9 1156421
|
| 700 |
1 |
|
|a Číhal, V.
|4 aut
|9 797190
|
| 773 |
0 |
|
|t Kovové materiály
|g Roč. 10, č. 5 (1972), s. 432-442
|
| 954 |
|
|
|a odborná, vedecká literatúra cudzojazyčná (svetová)
|2 lita
|
| 958 |
|
|
|a OND
|
| 958 |
|
|
|a EUIPO
|
| 958 |
|
|
|a article3
|
| 999 |
|
|
|c 1963977
|d 1965907
|